| 000 | 004050000a22001570004500 | ||
|---|---|---|---|
| 001 | 001569 | ||
| 003 | MACL | ||
| 040 | _aMACL | ||
| 090 |
_c13562 _d13561 |
||
| 100 | _aPrajapati, C.L | ||
| 245 |
_aArchivoL̜ibrary Materials _bTheir Enemies And Need Of First Phase Conservation _cC.L Prajapati |
||
| 260 |
_aMittal Publications, _c1997 |
||
| 350 | _a375 | ||
| 650 | _aLibrary Operations | ||
| 942 |
_k26 _cBook |
||
| 999 |
_c13489 _d13489 |
||